000 00316nam a2200133Ia 4500
008 231129s1979||||xx |||||||||||||| ||spa||
040 _bspa
082 _aCo863 P153a
100 _aPalacios Eustaquio
245 0 _aEl alferez real
260 _c1979
264 _aColombia Medellí­n: Bedout
942 _2ddc
_cBKS
999 _c10126
_d10126